Kelly Song (Cheers) Quiz Stats

 Plays Quiz not verified by Sporcle

Score 0/82 Timer 04:00
0 Plays Today
Lyrics % Correct
Kelly
98.3%
Kelly
98.3%
Kelly
98.3%
Kelly
98.3%
Kelly
98.3%
Kelly
98.3%
Kelly
98.3%
Kelly
98.3%
Kelly
98.3%
Kelly
98.3%
Kelly
98.3%
Kelly
98.3%
Kelly
98.3%
K-E-L-L-Y
98.3%
Kelly
98.3%
Kelly
98.3%
Kelly
98.3%
Kelly
98.3%
Kelly
98.3%
Kelly
98.3%
Kelly
98.3%
Kelly
98.3%
Kelly
98.3%
Kelly
98.3%
Kelly
98.3%
Kelly
98.3%
Kelly
98.3%
Kelly
98.3%
Lyrics % Correct
You
80%
You
80%
Your
63.3%
Your
63.3%
Is
58.3%
Is
58.3%
Is
58.3%
My
53.3%
My
53.3%
The
53.3%
Are
51.7%
Because
51.7%
You're
51.7%
Mine.
50%
Mine!
50%
Mine
50%
Mine
50%
Mine
50%
Mine
50%
Mine
50%
Mine
50%
Mine
50%
Mine
50%
Mine
50%
Mine
50%
Mine
50%
Mine
50%
Mine
50%
Lyrics % Correct
Mine
50%
Mine
50%
Mine
50%
Mine!
50%
So
43.3%
Hair
43.3%
So
43.3%
Why?
43.3%
Darling
33.3%
Clean;
33.3%
Me
33.3%
Feel
31.7%
Feel
31.7%
When
30%
Of
30%
Sunshine;
28.3%
Fine.
28.3%
Make
26.7%
World
26.7%
I
25%
Whole
25%
We're
20%
Together
20%
That
20%
Smile
18.3%
Lovely;
16.7%

You're not logged in!

Compare scores with friends on all Sporcle quizzes.
OR
Log In

Show Comments

Extras

Created Sep 1, 2015SourceReportNominate
Tags:Lyrics Quiz, Cheers

Top Quizzes Today


Score Distribution

Your Account Isn't Verified!

In order to create a playlist on Sporcle, you need to verify the email address you used during registration. Go to your Sporcle Settings to finish the process.

Report this User

Report this user for behavior that violates our Community Guidelines.

Details: